000 00892nam a2200289Ia 4500
003 OSt
005 20221007124548.0
006 a|||||r|||| 00| 0
007 ta
008 221006b |||||||| |||| 00| 0 eng d
020 _a9789400777743 (hbk)
024 _a193246
037 _b303, 13/02/2015, Vardhman Books
_cTextual
040 _aCDL
_cCDL
_beng
041 _2eng
_aeng
082 _aE1:88, Q4 Carc
100 _aGaya Umar Ibrahim
_9719627
245 0 _aHeterogeneous photocatalysis using inorganic semiconductor solids
260 _aNew
_bYork Springer
_c2014
300 _axiv, 213p. ill.
_ccm.
500 _aIndex 205-213p.
650 _a Mechanistic
_9719628
650 _a Semiconductor
650 _aOrganic compounds
942 _hE1:88, Q4 Carc
_cTEXL
_2CC
999 _c1213736
_d1213736